Giáo trình nhập môn Tôpô Sách dành cho Cao đẳng Sư phạm
Một số khái niệm cơ bản của tôpô đại cương. Một số bài toán topô trong hình học
Guardado en:
| Autor principal: | |
|---|---|
| Formato: | Libro |
| Lenguaje: | Vietnamese |
| Publicado: |
H.
Đại Học Sư Phạm
2007
|
| Materias: | |
| Etiquetas: |
Agregar Etiqueta
Sin Etiquetas, Sea el primero en etiquetar este registro!
|
| Thư viện lưu trữ: | Mạng thư viện Đại học Đà Nẵng |
|---|
| LEADER | 01240nam a2200337 4500 | ||
|---|---|---|---|
| 001 | 000013099 | ||
| 003 | 9436 | ||
| 005 | 20121010091023.0 | ||
| 008 | 120307s2007 viesd | ||
| 020 | |c 0đ | ||
| 041 | 0 | |a vie | |
| 082 | |a 514.3 |b NG-Đ | ||
| 100 | 0 | |a Nguyễn, Văn Đoành |e Tác Giả | |
| 245 | 0 | |a Giáo trình nhập môn Tôpô |b Sách dành cho Cao đẳng Sư phạm |c Nguyễn, Văn Đoành | |
| 260 | |a H. |b Đại Học Sư Phạm |c 2007 | ||
| 300 | |a 104tr. |c 24 cm | ||
| 500 | |a Bộ giáo dục và đào tạo - Dự án đào tạo giáo viên THCS | ||
| 520 | |a Một số khái niệm cơ bản của tôpô đại cương. Một số bài toán topô trong hình học | ||
| 653 | |a tôpô | ||
| 653 | |a hình học | ||
| 910 | |a Nguyễn Thị Lê Na | ||
| OWN | |a LSP | ||
| AVA | |a UDN50 |b LSP |d 514.3 NG-Đ |e check_holdings |t Error 5003 Not defined in file expand_doc_bib_avail. |h N |k 1 | ||
| 999 | |a From the UDN01 | ||
| AVA | |a UDN50 |b LSP |d 514.3 NG-Đ |e available |t Error 5001 Not defined in file expand_doc_bib_avail. |f 49 |g 0 |h N |i 69 |k 1 | ||
| TYP | |a Monograph | ||
| TYP | |a Printed language | ||
| 980 | |a Mạng thư viện Đại học Đà Nẵng | ||